000 00562nam a22002177a 4500
003 OSt
005 20140310182015.0
008 121121t xxu||||| |||| 00| 0 eng d
020 _a9780195853834
050 _aPZ 7
_b.Sa158 1993
082 _aKF
_bSa2o #5
100 _aSaki
245 _aThe stalled ox and other stories /
_cSaki.
260 _aHongkong :
_bOxford University Publishing Press Ltd.,
_c1993.
300 _a121 p. ;
_bill. ;
_c20 cm.
541 _j1
562 _e1
650 _aFiction
_9746
700 _aSaki
942 _2lcc
_cBK-KF
_kKF
999 _c8226
_d8226